000
00350 a2200169 4500
001
183008
020
_a
85-08-06085-8
040
_c
Magnum
100
_a
Rocha, Ruth
240
1
0
_a
Lá vem o ano novo
_l
por
245
1
0
_a
Lá vem o ano novo
300
_a
20
362
0
_a
2002
440
1
_a
Ática
697
_a
LITERATURA INFANTIL
942
_c
BK
999
_c
183008
_d
183008